| 000 | 00793nas a2200253 4500 | ||
|---|---|---|---|
| 001 | BR0804268 | ||
| 003 | BR-BrBNA | ||
| 005 | 20231205111759.0 | ||
| 007 | ta | ||
| 008 | 230509b bl.|||p| |||| 00| 00por d | ||
| 040 |
_aBR-BrBNA _bpor _cBiblioteca Nacional de Agricultura |
||
| 041 | _a(Pt) | ||
| 072 | _aL73 | ||
| 100 | 1 | _aVandaele, E. | |
| 100 | 1 | _aCheuiche, A.J. de V. | |
| 245 | 1 | _aGripe aviária e a vacinação preventiva contra o vírus H5N1 altamente patogênico:como a França vacinou uma minoria de aves | |
| 650 | _aAVE DOMÉSTICA | ||
| 650 | _aGRIPE | ||
| 650 | _aVIRUS | ||
| 650 | _aVACINA | ||
| 773 | 0 |
_tA Hora Veterinária (Brazil) _xISSN 0101-9163 _g(Jul-Aug 2006), v. 26(152) p. 8-9 _wBR0804268 |
|
| 909 |
_a202311 _bLúcia _c55 _dLúcia Elande |
||
| 942 |
_2AGRIS _n0 _cANA |
||
| 999 |
_c194447 _d194447 |
||